[Event "European Youth Chess Championship G18"]
[Site "Prague, Top Hotel Prague"]
[Date "2016.08.24"]
[Round "6.1"]
[White "Diakonova, Ekaterina"]
[Black "Khomeriki, Nino"]
[Result "0-1"]
[WhiteElo "2172"]
[BlackElo "2338"]
[PlyCount "70"]
[EventDate "2016.08.18"]

1. e4 e5 2. Nf3 Nc6 3. Bb5 a6 4. Ba4 Nf6 5. O-O Be7 6. Bxc6 dxc6 7. Qe1 Nd7 8.
b3 f6 9. Bb2 c5 10. a4 Nf8 11. Nh4 Be6 12. Nf5 Bxf5 13. exf5 Qd7 14. Qe4 O-O-O
15. d3 g6 16. f4 gxf5 17. Qf3 e4 18. dxe4 Ne6 19. Nc3 Nd4 20. Qf2 Rhg8 21. Rae1
Rg7 22. exf5 Rdg8 23. g3 Nxf5 24. Ne4 Qc6 25. Qg2 c4 26. b4 Bxb4 27. Bxf6 Rg6
28. Rb1 Bc5+ 29. Nxc5 Qxc5+ 30. Kh1 Rxf6 31. Qxb7+ Kd7 32. Rfd1+ Rd6 33. Rxd6+
Nxd6 34. Qxa6 Qd5+ 35. Kg1 Ra8 0-1

[Event "European Youth Chess Championship G18"]
[Site "Prague, Top Hotel Prague"]
[Date "2016.08.24"]
[Round "6.2"]
[White "Osmak, Iulija"]
[Black "Trippold, Denise"]
[Result "1-0"]
[WhiteElo "2344"]
[BlackElo "2066"]
[PlyCount "111"]
[EventDate "2016.08.18"]

1. e4 c5 2. Nf3 d6 3. d4 cxd4 4. Nxd4 Nf6 5. Nc3 a6 6. h3 e5 7. Nde2 h5 8. Bg5
Be7 9. Bxf6 Bxf6 10. Nd5 Bg5 11. Nec3 Be6 12. Bc4 h4 13. O-O O-O 14. a4 Nc6 15.
Nb1 Rc8 16. Na3 Ne7 17. Nxe7+ Qxe7 18. Qd3 Rfd8 19. Rfd1 Rc5 20. c3 Qc7 21.
Bxe6 fxe6 22. Qe2 d5 23. Rd3 dxe4 24. Rxd8+ Qxd8 25. Qxe4 Rd5 26. Qg4 Kh8 27.
Nc4 Qf6 28. a5 Qf4 29. Qxf4 Bxf4 30. Kf1 Kg8 31. Ke2 Kf7 32. Kf3 g5 33. Ke4 Ke7
34. Rg1 Bh2 35. Re1 Bf4 36. Ra1 Kd8 37. Ra4 Kc7 38. Rb4 Rc5 39. b3 Rc6 40. Kd3
Kc8 41. Rb6 Kc7 42. Rxc6+ Kxc6 43. b4 Kd5 44. Nb6+ Kc6 45. Na4 e4+ 46. Kxe4 Bd6
47. Nb6 Kb5 48. Kd3 Kc6 49. Nc4 Bc7 50. Nd2 Bd6 51. Ne4 Be7 52. Kd4 Kd7 53.
Nc5+ Kc6 54. Nxe6 Kd6 55. Nc5 Kc6 56. Ne4 1-0

[Event "European Youth Chess Championship G18"]
[Site "Prague, Top Hotel Prague"]
[Date "2016.08.24"]
[Round "6.3"]
[White "Kubicka, Anna"]
[Black "Unuk, Laura"]
[Result "0-1"]
[WhiteElo "2209"]
[BlackElo "2240"]
[PlyCount "100"]
[EventDate "2016.08.18"]

1. Nf3 Nf6 2. c4 e6 3. Nc3 d5 4. d4 Be7 5. Bf4 O-O 6. e3 c5 7. dxc5 Bxc5 8. h3
Nc6 9. a3 Re8 10. b4 Nxb4 11. axb4 Bxb4 12. Qb3 a5 13. Bg5 h6 14. Bxf6 Qxf6 15.
Rc1 Bd7 16. Nd2 Rec8 17. Rc2 dxc4 18. Bxc4 b5 19. Nde4 Qg6 20. Bd3 Qxg2 21. Rf1
Bc6 22. Ke2 Rd8 23. Nd2 Qxh3 24. Be4 Bxe4 25. Ncxe4 Qh5+ 26. f3 Qe5 27. Rf2 f5
28. f4 Qd5 29. Qxd5 Rxd5 30. Nc3 Rc5 31. Ndb1 Rac8 32. Kd3 Rd8+ 33. Ke2 g5 34.
fxg5 hxg5 35. Rf1 Kg7 36. Rfc1 Rdc8 37. Kd1 g4 38. Nxb5 Rxc2 39. Rxc2 Rxc2 40.
Kxc2 g3 41. Nd4 g2 42. Nf3 Be1 43. Na3 Bf2 44. Nc4 a4 45. Kb2 Kg6 46. Ka3 Kh5
47. Kxa4 Kg4 48. Nce5+ Kg3 49. Kb3 Bxe3 50. Kc4 Bf4 0-1

[Event "European Youth Chess Championship G18"]
[Site "Prague, Top Hotel Prague"]
[Date "2016.08.24"]
[Round "6.4"]
[White "Keetman, Maaike"]
[Black "Vidic, Teja"]
[Result "1/2-1/2"]
[WhiteElo "2101"]
[BlackElo "2149"]
[PlyCount "63"]
[EventDate "2016.08.18"]

1. e4 c5 2. Nf3 e6 3. d4 cxd4 4. Nxd4 Nc6 5. Nc3 Qc7 6. Be3 Nf6 7. Qf3 a6 8.
O-O-O Be7 9. Be2 O-O 10. Qg3 Qxg3 11. hxg3 b5 12. Nxc6 dxc6 13. e5 Nd5 14. Nxd5
cxd5 15. Bd3 g6 16. Rh6 f5 17. Rdh1 Rf7 18. g4 d4 19. Bd2 Ra7 20. gxf5 exf5 21.
g4 Bc5 22. Bg5 Be7 23. Bd2 Bc5 24. gxf5 Bxf5 25. Bxf5 Rxf5 26. f4 Re7 27. Kd1
Rc7 28. Ba5 Rd7 29. Bd2 Rc7 30. Ba5 Rd7 31. Bd2 Rc7 32. Ba5 1/2-1/2

[Event "European Youth Chess Championship G18"]
[Site "Prague, Top Hotel Prague"]
[Date "2016.08.24"]
[Round "6.5"]
[White "Salimova, Nurgyul"]
[Black "Fuskova, Martina"]
[Result "1/2-1/2"]
[WhiteElo "2147"]
[BlackElo "2063"]
[PlyCount "94"]
[EventDate "2016.08.18"]

1. d4 Nf6 2. c4 e6 3. g3 d5 4. Nf3 Bb4+ 5. Bd2 Be7 6. Bg2 O-O 7. O-O c6 8. Qc2
Nbd7 9. Bf4 b6 10. Rd1 Ba6 11. Ne5 Rc8 12. Nc3 Bxc4 13. Nxc4 dxc4 14. e4 b5 15.
d5 cxd5 16. exd5 e5 17. Bg5 Qb6 18. Bh3 Bc5 19. Bxf6 Nxf6 20. Bxc8 Rxc8 21. Qf5
Re8 22. Re1 Bd4 23. Rac1 Rd8 24. Qf3 Qc5 25. b3 Nxd5 26. Nxd5 Rxd5 27. bxc4
bxc4 28. Rb1 Rd8 29. Rb7 Rf8 30. Rc1 c3 31. Rb3 f5 32. Rbxc3 Bxc3 33. Qxc3 Qe7
34. Qc4+ Qf7 35. Qxf7+ Rxf7 36. Rc8+ Rf8 37. Rc7 a6 38. a4 Rf6 39. a5 Rd6 40.
Rc5 Re6 41. Rc7 e4 42. Ra7 h6 43. h4 h5 44. Kf1 Kh7 45. Ke2 Kg6 46. Ke3 Rd6 47.
Kf4 Kf6 1/2-1/2

[Event "European Youth Chess Championship G18"]
[Site "Prague, Top Hotel Prague"]
[Date "2016.08.24"]
[Round "6.6"]
[White "Drogovoz, Irina"]
[Black "Asatryan, Sona"]
[Result "1-0"]
[WhiteElo "2126"]
[BlackElo "1857"]
[PlyCount "71"]
[EventDate "2016.08.18"]

1. d4 Nf6 2. c4 e6 3. g3 c5 4. d5 exd5 5. cxd5 d6 6. Nc3 g6 7. Bg2 Bg7 8. Nf3
O-O 9. O-O Re8 10. Nd2 a6 11. a4 Nbd7 12. h3 Rb8 13. a5 b5 14. axb6 Nxb6 15.
Qc2 Nfd7 16. e4 Ne5 17. f4 Nec4 18. Nf3 f5 19. Ng5 Qf6 20. Kh2 Nxb2 21. Bxb2
Nc4 22. Qa4 Bd7 23. Qxc4 Rxb2 24. e5 Qe7 25. Rxa6 Rb4 26. Qa2 Bxe5 27. fxe5 Bc8
28. Ra4 Qxg5 29. e6 Bb7 30. Rxb4 cxb4 31. Qa4 Rc8 32. Qxb4 Ba6 33. Ra1 Qe3 34.
Rxa6 Rxc3 35. Ra8+ Kg7 36. Ra7+ 1-0

[Event "European Youth Chess Championship G18"]
[Site "Prague, Top Hotel Prague"]
[Date "2016.08.24"]
[Round "6.7"]
[White "Shivacheva, Donika"]
[Black "Rodionova, Daria"]
[Result "1/2-1/2"]
[WhiteElo "2035"]
[BlackElo "2279"]
[PlyCount "84"]
[EventDate "2016.08.18"]

1. e4 c5 2. Nc3 Nc6 3. Bb5 Nd4 4. Bc4 e6 5. Nge2 Nf6 6. d3 d5 7. Nxd4 cxd4 8.
Bb5+ Ke7 9. e5 Ng8 10. Qg4 Qb6 11. Be3 f5 12. Qh4+ Kf7 13. Bxd4 Qc7 14. O-O Be7
15. Qg3 Qd8 16. Qf3 h5 17. Ba4 Bd7 18. Bxd7 Qxd7 19. Rfe1 Rh6 20. Ne2 g5 21.
Ng3 Kg6 22. Qd1 f4 23. Nf1 Rh7 24. c4 Nh6 25. cxd5 Qxd5 26. Bc3 Bc5 27. d4 Bb6
28. Qd3+ Nf5 29. Rad1 Rd8 30. Qc2 Kh6 31. Nd2 Rc7 32. Qb1 Bxd4 33. Nf3 Qc5 34.
Nxd4 Nxd4 35. Qe4 Rcd7 36. Bxd4 Rxd4 37. Rxd4 Rxd4 38. Qxb7 Qxe5 39. Rf1 a5 40.
Qa8 Kg7 41. h3 Re4 42. Qe8 Kh6 1/2-1/2

[Event "European Youth Chess Championship G18"]
[Site "Prague, Top Hotel Prague"]
[Date "2016.08.24"]
[Round "6.8"]
[White "Dmochowska, Agnieszka"]
[Black "Narva, Mai"]
[Result "0-1"]
[WhiteElo "2034"]
[BlackElo "2202"]
[PlyCount "68"]
[EventDate "2016.08.18"]

1. e4 c5 2. Nf3 d6 3. d4 cxd4 4. Nxd4 Nf6 5. Nc3 Nc6 6. Bg5 e6 7. Qd2 a6 8.
O-O-O Bd7 9. f4 b5 10. Bxf6 gxf6 11. Kb1 Qb6 12. Nce2 b4 13. f5 e5 14. Nxc6
Bxc6 15. Ng3 h5 16. h4 Qc5 17. Qe2 Ke7 18. Qf3 Bh6 19. Nxh5 Be3 20. g4 Rxh5 21.
gxh5 a5 22. Rh2 a4 23. Rg2 a3 24. Rg7 axb2 25. Qg2 b3 26. Rxf7+ Kxf7 27. Qg6+
Ke7 28. Qg7+ Ke8 29. Qg8+ Kd7 30. Qxb3 Bxe4 31. Re1 Rb8 32. Qa4+ Bc6 33. Qg4
Bd5 34. Qa4+ Kc7 0-1

[Event "European Youth Chess Championship G18"]
[Site "Prague, Top Hotel Prague"]
[Date "2016.08.24"]
[Round "6.9"]
[White "Kanakova, Natalie"]
[Black "Saumanaite, Skaiste"]
[Result "0-1"]
[WhiteElo "2179"]
[BlackElo "1905"]
[PlyCount "64"]
[EventDate "2016.08.18"]

1. e4 c6 2. d4 d5 3. e5 Bf5 4. Nf3 e6 5. Be2 Nd7 6. O-O h6 7. Be3 Ne7 8. Nbd2
g5 9. Re1 Bg7 10. b3 f6 11. exf6 Bxf6 12. Nf1 g4 13. Ne5 Nxe5 14. dxe5 Bxe5 15.
Bd4 Bxd4 16. Qxd4 Rg8 17. Ne3 h5 18. h3 Qd6 19. Nc4 Qc7 20. hxg4 hxg4 21. Ne5
O-O-O 22. Bxg4 c5 23. Qd1 Rdf8 24. Qe2 Rf6 25. Qf3 Rh6 26. Rad1 Rgh8 27. g3 Be4
28. Rxe4 dxe4 29. Qxe4 Rh1+ 30. Qxh1 Rxh1+ 31. Kxh1 Qxe5 32. Kg2 Nf5 0-1

[Event "European Youth Chess Championship G18"]
[Site "Prague, Top Hotel Prague"]
[Date "2016.08.24"]
[Round "6.10"]
[White "Janska, Jitka"]
[Black "Georgescu, Lena"]
[Result "0-1"]
[WhiteElo "2052"]
[BlackElo "2174"]
[PlyCount "86"]
[EventDate "2016.08.18"]

1. e4 c5 2. Nf3 d6 3. Bb5+ Nd7 4. O-O a6 5. Be2 Ngf6 6. Re1 Nxe4 7. Bc4 Nef6 8.
Ng5 d5 9. Bxd5 Nxd5 10. Nxf7 Kxf7 11. Qh5+ g6 12. Qxd5+ Ke8 13. d4 Nf6 14. Qxc5
Qd5 15. Qb6 Qc6 16. Qb3 Bg7 17. Nc3 b5 18. Qb4 Ra7 19. Re5 Qc4 20. Qxc4 bxc4
21. Na4 Bd7 22. Nb6 Ng4 23. Re4 Bf5 24. Rf4 Nf6 25. Nxc4 Nd5 26. Rf3 Bxc2 27.
Ne3 Be4 28. Nxd5 Bxd5 29. Rc3 Rb7 30. b3 Kd7 31. Ba3 Rc8 32. Re1 e6 33. Rh3 h6
34. Bc5 Ke8 35. b4 Bxa2 36. Ra1 Bc4 37. Rc3 Rxc5 38. bxc5 Bxd4 39. Rxc4 Bxa1
40. g3 Bf6 41. Re4 Kf7 42. c6 Rb1+ 43. Kg2 Rc1 0-1

[Event "European Youth Chess Championship G18"]
[Site "Prague, Top Hotel Prague"]
[Date "2016.08.24"]
[Round "6.11"]
[White "Chanturia, Ani"]
[Black "Paolillo, Gaia"]
[Result "1/2-1/2"]
[WhiteElo "1737"]
[BlackElo "2109"]
[PlyCount "88"]
[EventDate "2016.08.18"]

1. e4 e6 2. d4 d5 3. Nd2 Nf6 4. e5 Nfd7 5. Bd3 c5 6. c3 Nc6 7. Ne2 cxd4 8. cxd4
f6 9. exf6 Nxf6 10. Nf3 Bd6 11. O-O Qc7 12. Bg5 O-O 13. Rc1 Bd7 14. Re1 a6 15.
a3 Rac8 16. Bh4 Qb6 17. b4 Kh8 18. Qd2 Rce8 19. Qa2 Bc8 20. Bg3 Bxg3 21. hxg3
Qd8 22. Nf4 Ng4 23. Qc2 Nxd4 24. Nxd4 e5 25. Nde2 exf4 26. Nxf4 Nf6 27. Rxe8
Rxe8 28. Bxh7 Nxh7 29. Ng6+ Kg8 30. Qxc8 Qxc8 31. Rxc8 Rxc8 32. Ne7+ Kf7 33.
Nxc8 Ke6 34. Kf1 Nf6 35. Nb6 Ke5 36. Na4 Nd7 37. Ke2 Kd4 38. Kd2 b5 39. Nc3 Ne5
40. Nb1 Kc4 41. Kc2 Ng4 42. Nd2+ Kd4 43. Nb3+ Kc4 44. Nd2+ Kd4 1/2-1/2

[Event "European Youth Chess Championship G18"]
[Site "Prague, Top Hotel Prague"]
[Date "2016.08.24"]
[Round "6.12"]
[White "Pychova, Nela"]
[Black "Malatsilava, Volha"]
[Result "1-0"]
[WhiteElo "2072"]
[BlackElo "2034"]
[PlyCount "91"]
[EventDate "2016.08.18"]

1. c4 Nf6 2. Nc3 g6 3. g3 Bg7 4. Bg2 O-O 5. Nf3 d6 6. O-O c6 7. Rb1 e5 8. d3
Re8 9. b4 d5 10. cxd5 cxd5 11. Bb2 a6 12. a3 Nc6 13. Nd2 h5 14. h4 Nd4 15. Na4
Nf5 16. Qc2 Bd7 17. Nc5 Rc8 18. Qb3 Bc6 19. a4 Bh6 20. Nf3 d4 21. Bc1 Bxc1 22.
Rbxc1 Bd5 23. Qb2 Ng4 24. Ng5 Bxg2 25. Kxg2 Qd5+ 26. Nce4 b6 27. Kg1 Kg7 28.
Rxc8 Rxc8 29. Nf3 Nd6 30. Nxd6 Qxd6 31. Ng5 f6 32. Ne4 Qc7 33. Qb3 Qd7 34. a5
f5 35. Ng5 Rc6 36. axb6 Rxb6 37. Rc1 Nf6 38. Rc5 Qe7 39. Qc4 Rd6 40. Rc7 Nd7
41. f3 Rb6 42. Qd5 Rd6 43. Qa8 Rb6 44. Qc8 Rd6 45. Kg2 Kf6 46. Qg8 1-0

[Event "European Youth Chess Championship G18"]
[Site "Prague, Top Hotel Prague"]
[Date "2016.08.24"]
[Round "6.13"]
[White "Arvai, Eszter"]
[Black "Vangsgaard, Freja"]
[Result "1-0"]
[WhiteElo "1955"]
[BlackElo "2129"]
[PlyCount "193"]
[EventDate "2016.08.18"]

1. e4 c6 2. d4 d5 3. e5 Bf5 4. Nf3 e6 5. Be2 c5 6. c3 Nc6 7. O-O cxd4 8. cxd4
Nge7 9. Nc3 Bg4 10. Be3 Nf5 11. Qb3 Qd7 12. Rfd1 Be7 13. Ne1 Nxe3 14. fxe3 Bxe2
15. Nxe2 O-O 16. Nf4 Na5 17. Qd3 Nc4 18. Qe2 f5 19. b3 Na5 20. Rac1 Rac8 21.
Ned3 b6 22. Qb2 Nc6 23. Rc2 Kf7 24. Rdc1 Na5 25. Rc3 Rxc3 26. Qxc3 Rd8 27. Qc7
g5 28. Nh3 h6 29. Nhf2 Ke8 30. Nd1 Qb5 31. N1b2 Qd7 32. b4 Nb7 33. a4 Qxc7 34.
Rxc7 Rb8 35. Kf2 Kd8 36. Rc6 Kd7 37. Rc1 Nd8 38. b5 Nb7 39. Rc3 Na5 40. Ke2 Rf8
41. g3 h5 42. Rc1 Rh8 43. Nf2 Nb3 44. Rc3 Na5 45. Rc1 Ba3 46. Rc2 Rg8 47. Nbd1
Nc4 48. Nc3 Rh8 49. h3 Be7 50. Rc1 Rf8 51. Nd3 Rh8 52. Nf2 Rg8 53. Rg1 Ba3 54.
Nd3 Rb8 55. Nb1 Be7 56. Rc1 Rh8 57. Rg1 Ra8 58. Nc3 Rf8 59. Rf1 Ke8 60. Rg1 Rh8
61. Rg2 Kf7 62. Rg1 Rc8 63. Rc1 Ba3 64. Ra1 Be7 65. Rc1 Rh8 66. Rg1 Ke8 67. Rg2
Kd7 68. Rg1 Na5 69. Kd2 Rc8 70. Rb1 Nc4+ 71. Ke2 Na5 72. Kd2 Rc4 73. Nb2 Rc8
74. Nbd1 h4 75. gxh4 gxh4 76. Nf2 Rg8 77. Ne2 Nc4+ 78. Kd3 Rg2 79. Rf1 Bg5 80.
Nf4 Rg3 81. Nd1 Bxf4 82. Rxf4 Rxh3 83. Ke2 Rh2+ 84. Nf2 Rg2 85. Rxh4 Rg7 86.
Nd3 Rg3 87. Rh7+ Kd8 88. Nf4 Rxe3+ 89. Kf2 Ra3 90. Nxe6+ Ke8 91. Rxa7 Nb2 92.
Ng7+ Kd8 93. e6 Kc8 94. e7 Kb8 95. e8=Q+ Kxa7 96. Qe7+ Kb8 97. Qxa3 1-0

[Event "European Youth Chess Championship G18"]
[Site "Prague, Top Hotel Prague"]
[Date "2016.08.24"]
[Round "6.14"]
[White "Weis, Olga"]
[Black "Buiza, Prieto Eihartze"]
[Result "1/2-1/2"]
[WhiteElo "1895"]
[BlackElo "2085"]
[PlyCount "79"]
[EventDate "2016.08.18"]

1. d4 d5 2. Nf3 Nf6 3. Bg5 e6 4. e3 Be7 5. Bd3 O-O 6. O-O b6 7. Nbd2 Bb7 8. c3
Ne4 9. Bxe7 Qxe7 10. Qc2 f5 11. Ne5 Nd7 12. Ndf3 Ndf6 13. Nd2 c5 14. f3 Nd6 15.
Qd1 Rac8 16. Rc1 b5 17. Qe2 c4 18. Bb1 a5 19. a3 Ba8 20. b3 Rb8 21. b4 axb4 22.
axb4 Bb7 23. Bc2 Ra8 24. Ra1 Rfb8 25. Rfb1 Qd8 26. Qe1 Nf7 27. Nxf7 Kxf7 28. e4
g6 29. e5 Nd7 30. Rxa8 Rxa8 31. Ra1 Rxa1 32. Qxa1 Qa8 33. Qxa8 Bxa8 34. f4 h6
35. Nf3 Nb6 36. Nd2 Bc6 37. Kf2 Be8 38. Bd1 Kg7 39. h4 Bf7 40. Nb1 1/2-1/2

[Event "European Youth Chess Championship G18"]
[Site "Prague, Top Hotel Prague"]
[Date "2016.08.24"]
[Round "6.15"]
[White "Verhoeff, Timardi"]
[Black "Kassay, Lilla"]
[Result "1-0"]
[WhiteElo "1870"]
[BlackElo "2034"]
[PlyCount "185"]
[EventDate "2016.08.18"]

1. d4 Nf6 2. Nf3 e6 3. e3 b6 4. Bd3 Bb7 5. O-O Be7 6. c4 d6 7. Nc3 Nbd7 8. Re1
c5 9. a3 Rc8 10. b4 O-O 11. Rb1 Qc7 12. bxc5 dxc5 13. d5 exd5 14. cxd5 Nxd5 15.
Nxd5 Bxd5 16. Bxh7+ Kxh7 17. Qxd5 Bf6 18. Qf5+ g6 19. Qg4 Ne5 20. Nxe5 Bxe5 21.
f4 Bc3 22. Rd1 Rcd8 23. Rxd8 Qxd8 24. Qe2 Re8 25. Bb2 Qd2 26. Kf2 Re4 27. Qxd2
Bxd2 28. Bc1 Bxc1 29. Rxc1 Ra4 30. Rc3 Kg7 31. g4 c4 32. e4 b5 33. Ke3 Ra6 34.
e5 Rc6 35. Kd4 a5 36. Kd5 Rc8 37. f5 Rd8+ 38. Ke4 Rd2 39. h3 Rb2 40. a4 bxa4
41. Rxc4 a3 42. Rc3 a2 43. Ra3 a4 44. Kd5 Rb5+ 45. Kd6 Rb6+ 46. Kc5 Rb2 47.
Rxa4 Re2 48. Kd6 Rd2+ 49. Ke7 Re2 50. e6 f6 51. Kd6 Rd2+ 52. Kc5 Rc2+ 53. Kd5
Rd2+ 54. Ke4 g5 55. Ke3 Rh2 56. Kd4 Rd2+ 57. Kc3 Rh2 58. Kb3 Rxh3+ 59. Kxa2 Rg3
60. Kb2 Kf8 61. Rd4 Ke8 62. Kc2 Re3 63. Kd2 Rg3 64. Ke2 Rh3 65. Kf2 Rh4 66. Kg3
Rh1 67. Rd7 Ra1 68. Kf3 Ra3+ 69. Ke4 Ra4+ 70. Rd4 Ra5 71. Kd3 Ra3+ 72. Kc4 Ra5
73. Kb4 Re5 74. Kc4 Ra5 75. Rd7 Ra4+ 76. Kd5 Rxg4 77. Rf7 Rg1 78. Rxf6 Rd1+ 79.
Ke4 Ra1 80. Rg6 Ke7 81. Rxg5 Ra4+ 82. Kd5 Ra5+ 83. Kc6 Kf6 84. Rh5 Ra6+ 85. Kb7
Ra1 86. Kc7 Rc1+ 87. Kd7 Ra1 88. Rh6+ Kxf5 89. e7 Ra7+ 90. Ke8 Ra8+ 91. Kf7 Ra7
92. Kf8 Kg5 93. Rd6 1-0

[Event "European Youth Chess Championship G18"]
[Site "Prague, Top Hotel Prague"]
[Date "2016.08.24"]
[Round "6.16"]
[White "Miljkovic, Jovana"]
[Black "Poliakova, Emma"]
[Result "1-0"]
[WhiteElo "2024"]
[BlackElo "1912"]
[PlyCount "103"]
[EventDate "2016.08.18"]

1. d4 d5 2. c4 c6 3. Nc3 Nf6 4. e3 e6 5. Nf3 Nbd7 6. Qc2 Bd6 7. b3 Qe7 8. Be2
O-O 9. O-O e5 10. cxd5 Nxd5 11. Bb2 Nb4 12. Qb1 exd4 13. Nxd4 Nf6 14. a3 Nbd5
15. Nxd5 Nxd5 16. Bd3 Qh4 17. g3 Qh5 18. Nf5 Bxf5 19. Bxf5 Ne7 20. Bc2 Ng6 21.
Qd1 Qxd1 22. Raxd1 Rad8 23. e4 Bc5 24. Kg2 Rfe8 25. f4 Nf8 26. Rxd8 Rxd8 27.
Rd1 Rxd1 28. Bxd1 Ne6 29. e5 g6 30. Kf3 Kf8 31. Ke4 Bg1 32. h3 Bh2 33. Kf3 Bg1
34. g4 Nc5 35. Bc3 Nd7 36. h4 Ke7 37. h5 f6 38. Bc2 gxh5 39. gxh5 fxe5 40. Bxh7
Nf6 41. Bg6 Bd4 42. Bd2 exf4 43. Bxf4 Nd5 44. Bg5+ Ke6 45. h6 Ne7 46. Bd3 a6
47. Ke4 Bh8 48. Bc4+ Nd5 49. Be3 b5 50. Bxd5+ cxd5+ 51. Kd3 Kf7 52. Bd4 1-0

[Event "European Youth Chess Championship G18"]
[Site "Prague, Top Hotel Prague"]
[Date "2016.08.24"]
[Round "6.17"]
[White "Naghiyeva, Khayala"]
[Black "Kyrkjebo, Hanna B"]
[Result "0-1"]
[WhiteElo "1663"]
[BlackElo "1999"]
[PlyCount "32"]
[EventDate "2016.08.18"]

1. e4 e5 2. Nf3 Nc6 3. Bc4 Bc5 4. c3 Nf6 5. d4 exd4 6. e5 d5 7. Bb5 Ne4 8. cxd4
Bb6 9. b3 O-O 10. Bxc6 bxc6 11. O-O c5 12. Ba3 Re8 13. dxc5 Nxc5 14. Nd4 Ba6
15. Re1 Nd3 16. Qg4 Bxd4 0-1

[Event "European Youth Chess Championship G18"]
[Site "Prague, Top Hotel Prague"]
[Date "2016.08.24"]
[Round "6.18"]
[White "Auvray, Honorine"]
[Black "Dai, Irmak"]
[Result "1-0"]
[WhiteElo "2042"]
[BlackElo "1806"]
[PlyCount "93"]
[EventDate "2016.08.18"]

1. e4 c5 2. Nf3 d6 3. Bb5+ Bd7 4. Bxd7+ Qxd7 5. O-O Nf6 6. Re1 Nc6 7. c3 g6 8.
d4 cxd4 9. cxd4 Bg7 10. Nc3 O-O 11. h3 Rad8 12. d5 Na5 13. Qd3 Rc8 14. Nd4 Nc4
15. b3 Ne5 16. Qd2 Qc7 17. Bb2 Qa5 18. Rad1 Ned7 19. Kh1 a6 20. Qe3 Nb8 21. a3
b5 22. b4 Qc7 23. Rc1 Qb7 24. Nb3 Nfd7 25. Na5 Qb6 26. Qd2 Rc7 27. Nd1 Rfc8 28.
Ne3 Bxb2 29. Qxb2 Ne5 30. Qd2 f6 31. Kh2 Nf7 32. f3 Nd8 33. Kh1 Nb7 34. Nb3 Nd7
35. f4 Qa7 36. Rxc7 Rxc7 37. Nd4 Nd8 38. Kh2 Nb6 39. Qd3 Nc4 40. Nec2 Qb7 41.
Qg3 Qc8 42. h4 Nb2 43. h5 Kf7 44. hxg6+ hxg6 45. Qh4 Kg7 46. Re3 Rc3 47. Nf5+
1-0

[Event "European Youth Chess Championship G18"]
[Site "Prague, Top Hotel Prague"]
[Date "2016.08.24"]
[Round "6.19"]
[White "Weaver, Lauren"]
[Black "Lingur, Zalina"]
[Result "1-0"]
[WhiteElo "1552"]
[BlackElo "2060"]
[PlyCount "58"]
[EventDate "2016.08.18"]

1. d4 Nf6 2. Nf3 e6 3. e3 c5 4. Bd3 d5 5. O-O Bd6 6. b3 O-O 7. Bb2 b6 8. Nbd2
Bb7 9. Qe2 Nc6 10. a3 Re8 11. Ne5 Rc8 12. f4 Ne7 13. Ndf3 h6 14. Nh4 Rc7 15. f5
exf5 16. Nxf5 Nxf5 17. Rxf5 Bc8 18. Rff1 Bxe5 19. dxe5 Ng4 20. Bb5 Bd7 21. e6
Bxb5 22. Qxg4 fxe6 23. Rf6 h5 24. Qg3 e5 25. Rf5 h4 26. Qg6 d4 27. Rh5 Rc6 28.
Qh7+ Kf8 29. Rxh4 Qg5 {Black flag fallen} 1-0

[Event "European Youth Chess Championship G18"]
[Site "Prague, Top Hotel Prague"]
[Date "2016.08.24"]
[Round "6.20"]
[White "Egyed, Viktoria"]
[Black "Olechnicka, Karolina"]
[Result "1-0"]
[WhiteElo "2007"]
[BlackElo "1913"]
[PlyCount "93"]
[EventDate "2016.08.18"]

1. e4 c5 2. c3 Nf6 3. e5 Nd5 4. d4 cxd4 5. cxd4 d6 6. Nf3 Nc6 7. Bc4 Nb6 8. Bb5
dxe5 9. Nxe5 Bd7 10. Bxc6 Bxc6 11. Nxc6 bxc6 12. O-O g6 13. Nc3 Bg7 14. Be3 O-O
15. Rc1 Qd7 16. Qd2 Rfd8 17. Rfd1 Nc4 18. Qe2 Qe6 19. Rc2 Rac8 20. b3 Nd6 21.
Na4 Nf5 22. Nc5 Qd5 23. Rcd2 Bf6 24. Qa6 Nxe3 25. fxe3 Qg5 26. Re2 Qh5 27. Rf1
Rc7 28. Ne4 Bg7 29. Ref2 f5 30. Qc4+ Rd5 31. Nc3 e6 32. Nxd5 exd5 33. Qb4 Bf8
34. Qb8 Re7 35. Rf3 Qg5 36. Rg3 Qf6 37. Qc8 Kh8 38. Rgf3 Rf7 39. Rc1 Qe7 40.
Rxc6 f4 41. Re6 Qb4 42. Re8 Kg7 43. Qe6 Bd6 44. Qxd5 Rc7 45. Rg8+ Kf6 46. Rf8+
Kg7 47. Qg8+ 1-0

[Event "European Youth Chess Championship G18"]
[Site "Prague, Top Hotel Prague"]
[Date "2016.08.24"]
[Round "6.21"]
[White "Salahidou, Reveka"]
[Black "Kyrkjebo, Marte B"]
[Result "1-0"]
[WhiteElo "1968"]
[BlackElo "1866"]
[PlyCount "75"]
[EventDate "2016.08.18"]

1. e4 e5 2. Nc3 Nf6 3. f4 d5 4. fxe5 Nxe4 5. Nf3 Nxc3 6. dxc3 Bc5 7. Bf4 Bf5 8.
Qd2 Nc6 9. O-O-O Ne7 10. h3 c6 11. Be2 Ng6 12. Bg5 Qb6 13. Bd3 Be6 14. Qe2 O-O
15. h4 h6 16. Bd2 Qc7 17. h5 Ne7 18. Nh2 Bf5 19. Rde1 Qd7 20. g4 Bxd3 21. Qxd3
Qe6 22. Rhf1 Rad8 23. g5 hxg5 24. Bxg5 d4 25. c4 b5 26. Qg3 Qxc4 27. Bf6 g6 28.
hxg6 fxg6 29. Bxe7 d3 30. Qxg6+ Kh8 31. Qh6+ Kg8 32. Rxf8+ Rxf8 33. Qxf8+ Kh7
34. Qf5+ Kg7 35. Qf6+ Kh7 36. Qh4+ Kg8 37. Qxc4+ bxc4 38. Bxc5 1-0

[Event "European Youth Chess Championship G18"]
[Site "Prague, Top Hotel Prague"]
[Date "2016.08.24"]
[Round "6.22"]
[White "Gur, Tuba"]
[Black "Boehm, Jana"]
[Result "1-0"]
[WhiteElo "1717"]
[BlackElo "1954"]
[PlyCount "81"]
[EventDate "2016.08.18"]

1. d4 Nf6 2. c4 g6 3. Nc3 d5 4. cxd5 Nxd5 5. Bd2 Nb6 6. e3 Bg7 7. Nf3 O-O 8.
Be2 Nc6 9. O-O e5 10. dxe5 Nxe5 11. Nxe5 Bxe5 12. Qc2 Be6 13. Rfd1 Qe7 14. Qe4
Bf5 15. Qxb7 a5 16. Rac1 Rfd8 17. Be1 Rxd1 18. Bxd1 a4 19. Nd5 Qh4 20. h3 Be4
21. Bf3 Bxf3 22. gxf3 Qxh3 23. f4 Qg4+ 24. Kf1 Qh3+ 25. Ke2 Qg4+ 26. f3 Qg2+
27. Bf2 Rd8 28. Nxb6 Bxf4 29. Nd5 Bg3 30. Nf6+ Kg7 31. Ne4 Bxf2 32. Nxf2 h5 33.
Rxc7 Rf8 34. Rc8 h4 35. Rxf8 Kxf8 36. Qc8+ Kg7 37. Qg4 Qh2 38. f4 f5 39. Qg5 h3
40. Kf3 Kf7 41. Qg3 1-0

[Event "European Youth Chess Championship G18"]
[Site "Prague, Top Hotel Prague"]
[Date "2016.08.24"]
[Round "6.23"]
[White "Ajanovic, Berina"]
[Black "Cusmuliuc, Diana-Elena"]
[Result "0-1"]
[WhiteElo "1377"]
[BlackElo "1945"]
[PlyCount "94"]
[EventDate "2016.08.18"]

1. d4 Nf6 2. c4 e6 3. Nf3 Bb4+ 4. Nbd2 b6 5. g3 Bb7 6. Bg2 O-O 7. O-O c5 8. a3
Bxd2 9. Qxd2 Qe7 10. b3 Na6 11. Bb2 Rfd8 12. Rfd1 d5 13. cxd5 Bxd5 14. Ne5 Rac8
15. Bxd5 Nxd5 16. Qe1 cxd4 17. Bxd4 f6 18. Nf3 e5 19. Bb2 Nc5 20. b4 Na4 21.
Rab1 e4 22. Nh4 e3 23. f3 Ndc3 24. Bxc3 Nxc3 25. Rxd8+ Qxd8 26. Rb2 Qd4 27. Rc2
g6 28. Ng2 Rc4 29. Nf4 b5 30. Nd3 Nd5 31. Rc1 h5 32. Qd1 Nc3 33. Qe1 Na2 34.
Rd1 Rc2 35. Kf1 Nc3 36. Rc1 Rd2 37. Nf4 Kh7 38. h4 Kh6 39. Ne6 Qe5 40. Nf4 g5
41. hxg5+ fxg5 42. Nd3 Qf6 43. f4 gxf4 44. Nxf4 Nxe2 45. Rc5 Nxf4 46. Qxe3 Qa1+
47. Qe1 Rf2+ 0-1

[Event "European Youth Chess Championship G18"]
[Site "Prague, Top Hotel Prague"]
[Date "2016.08.24"]
[Round "6.24"]
[White "Roklicer, Heike"]
[Black "Suchomelova, Simona"]
[Result "1-0"]
[WhiteElo "1936"]
[BlackElo "1838"]
[PlyCount "109"]
[EventDate "2016.08.18"]

1. d4 Nf6 2. c4 g6 3. Nc3 Bg7 4. e4 d6 5. h3 O-O 6. Be3 e5 7. d5 c6 8. Nf3 cxd5
9. cxd5 a6 10. a4 b6 11. Be2 Nbd7 12. Nd2 Ne8 13. g4 a5 14. h4 Nc5 15. g5 f5
16. h5 f4 17. Bxc5 bxc5 18. hxg6 hxg6 19. Nf3 Nc7 20. Qd2 Kf7 21. O-O-O Rh8 22.
Rdg1 Bd7 23. Qd1 Rh3 24. Rxh3 Bxh3 25. Nh4 Qh8 26. Nf3 Qd8 27. Bf1 Bxf1 28.
Qxf1 Qd7 29. Rh1 Qg4 30. Qh3 Qxh3 31. Rxh3 Kg8 32. Kc2 Bf8 33. Rh1 Kg7 34. Rh6
Kf7 35. Rh7+ Bg7 36. Nh2 Kg8 37. Rh3 Bf8 38. Kd3 Be7 39. Nf3 Kg7 40. Kc4 Rb8
41. Nb5 Na8 42. b3 Nb6+ 43. Kc3 c4 44. Rh1 cxb3 45. Kxb3 Nd7 46. Ka3 Nc5 47.
Nd2 Bxg5 48. f3 Be7 49. Nc4 Nb7 50. Na7 Ra8 51. Nc6 Bd8 52. Rb1 Nc5 53. Nxd6
Ra6 54. Rb5 Nd3 55. Nxd8 1-0